Score 0/55 Timer 10:00
1 Play Today
Year Show % Correct
1999-PresentSpongebob Squarepants
76.5%
1991-2004Rugrats
70%
1996-2004Hey Arnold!
54.6%
2001-2017The Fairly OddParents
50.6%
1998-2005CatDog
48%
1991-1994Doug
43.5%
1991-1995The Ren & Stimpy Show
39.3%
2002-2006The Adventures of Jimmy Neutron: Boy Genius
37.8%
1993-1996Rocko's Modern Life
35.1%
2004-2007Danny Phantom
34.9%
1999-2004Rocket Power
30.8%
1998-2004The Wild Thornberrys
29.1%
1997-2001The Angry Beavers
29%
2016-PresentThe Loud House
27.1%
2005-2008Avatar: The Last Airbender
25.6%
2001-2002Invader Zim
25.4%
2003-2008All Grown Up!
25.1%
2000-2006As Told by Ginger
19.5%
2012-2014The Legend of Korra
19.2%
1994-1997Aaahh!!! Real Monsters
18%
2009-2012Fanboy & Chum Chum
18%
2010-2015T.U.F.F. Puppy
16.3%
1996-2000Kablam!
16.1%
2002-2008ChalkZone
15.9%
2003-2009My Life as a Teenage Robot
15.8%
2012-2017Teenage Mutant Ninja Turtles
15.5%
2010-2013Planet Sheen
15%
2008-2011The Mighty B!
13.7%
Year Show % Correct
2013-2016Sanjay and Craig
11.9%
2007-2011Back at the Barnyard
11.3%
2019-PresentThe Casagrandes
11.1%
2005-2007Catscratch
10.6%
2008-2015The Penguins of Madagascar
10.3%
2007-2008El Tigre: The Adventures of Manny Rivera
9.7%
2011-2016Kung Fu Panda: Legends of Awesomeness
8.9%
2020-PresentIt's Pony
8.4%
2007-2009Tak and the Power of Juju
8.1%
2014-2016Breadwinners
8.1%
2005-2006The X's
7.7%
2017-2018Bunsen Is a Beast
7.7%
2018-2020Rise of the Teenage Mutant Ninja Turtles
7.7%
2015-2017Harvey Beaks
7.6%
2012-2015Robot and Monster
7.4%
2011-2016Winx Club
7.1%
1998-2001Oh Yeah! Cartoons
6.8%
2013-2014Monsters vs. Aliens
6.3%
2017-2019Welcome to the Wayne
5%
2015-2018Pig Goat Banana Cricket
4.8%
2018-2018The Adventures of Kid Danger
4.2%
2001-2002Action League Now!
4%
2020-PresentGlitch Techs
3.5%
2008-2008Making Fiends
3.4%
2008-2009Random! Cartoons
2.9%
2019-2019Pinky Malinky
2.9%
2019-2019Middle School Moguls
2.7%
Remove Ads.
Support Sporcle.
Get the best of Sporcle when you Go Orange. This ad-free experience offers more features, more stats, and more fun while also helping to support Sporcle. Thank you for becoming a member.

You're not logged in!

Compare scores with friends on all Sporcle quizzes.
OR
Log In

Show Comments

Extras

Top Quizzes Today


Score Distribution

Your Account Isn't Verified!

In order to create a playlist on Sporcle, you need to verify the email address you used during registration. Go to your Sporcle Settings to finish the process.

Report this User

Report this user for behavior that violates our Community Guidelines.

Details: